000 00381nam a22001217a 4500
003 OSt
008 250124b |||||||| |||| 00| 0 eng d
041 _aeng
100 _aKundu, AK; Director
_97008
245 _aIrrigation Atlas of India
260 _aCulcutta:
_bNational Atlas of Thematic Mapping Organisation, Department of Science & Technology, Govt of India,
_c1989.
942 _cBK
999 _c19135
_d19135